00446nam a22001577a 4500003000400000005001700004008004100021020001500062040000800077082001700085100002200102245007600124260004000200300001200240650003600252OSt20190108125438.0190108b ||||| |||| 00| 0 eng d a1854243853 cDLC a231.3bF548P aFitz-Gibbon, Andy aProphetic Lifestyle and The Celtic Way /cBy Andy And Jane Fitz-Gibbon. aUSA :bMonarch Publication,cc1977. a187 p.: aProphetic LifestylexCeltic Way